000 00908nam a2200205 4500
001 113584
003 DR-UNIBE
005 20250509162859.0
008 250509b2010 es ||||| |||| 00| 0 spa d
040 _aBIBLIOTECA UNIBE
_bspa
_cBIBLIOTECA UNIBE
_erda
041 _aspa
082 _222
_a342.97284 R426t
110 1 0 _aRepública de El Salvador. Corte Suprema de Justicia
_9195202
_eautor
245 1 2 _a3 sentencias representativas de la nueva sala de los constitucional /
260 _aSan Salvador:
_bCorte Suprema de Justicia,
_c 2010
300 _avi, 162 páginas :
_c21 x 14 cm
505 _aPresentación | 1. Candidaturas no partidarias y listas desbloqueadas. (29 de julio, 2010) | 2.Presupuesto general de la Nación. (25 de agosto de 2010) | 3. Libertad de expresión y derecho al honor. (24 de septiembre 2010)
651 _aEl Salvador
_x Derecho constitucional
_9194980
942 _2ddc
_cBK
999 _c113584
_d113584